|
|
|
|
| LEADER |
00000cam a2200000 7i4500 |
| 001 |
0000007098 |
| 005 |
20021119093000.0 |
| 008 |
021119n |
| 050 |
0 |
0 |
|a HX550.I8
|b A42
|
| 090 |
0 |
0 |
|a HX550.I8
|b A42
|
| 100 |
0 |
|
|a Alatas, Syed Hassan ,
|e author
|
| 245 |
0 |
0 |
|a Bahaya komunis :
|b mengapa Islam menentangnya?
|c Syed Hassan Alatas
|
| 260 |
2 |
|
|a Kuala Lumpur :
|b Sarjana Enterprise ,
|c 1978
|
| 300 |
|
|
|a 83 ms. ; ;
|c 18 sm.
|
| 650 |
|
0 |
|a Communism and Islam
|
| 999 |
|
|
|a 1000027611
|b Book
|c OPEN SHELF (30 DAYS)
|e Gong Badak Campus
|
| 999 |
|
|
|a 1000027612
|b Book
|c OPEN SHELF (30 DAYS)
|e Gong Badak Campus
|